| 000 | 004440000a22001810004500 | ||
|---|---|---|---|
| 003 | MACL | ||
| 005 | 20150911171057.0 | ||
| 008 | 150911b xxu||||| |||| 00| 0 eng d | ||
| 040 |
_aMACL _cMACL |
||
| 041 | _aEnglish | ||
| 082 | _a823 | ||
| 100 |
_aSekhar, Rukmini _910281 |
||
| 245 |
_aNaseema _bThe Incredible Story |
||
| 260 |
_bThe Viveka Foundation _c2005 _aNew Delhi |
||
| 350 | _a250 | ||
| 650 |
_aFicition _910282 |
||
| 942 |
_cBK _k823 _2ddc |
||
| 999 |
_c8403 _d8403 |
||